| 000 | 00671nam a22002177a 4500 | ||
|---|---|---|---|
| 003 | OSt | ||
| 005 | 20160822152115.0 | ||
| 008 | 130129t xxu||||| |||| 00| 0 eng d | ||
| 020 | _a9789719925033 | ||
| 050 |
_a HJ 2950 . _b.V152 2016 |
||
| 082 |
_aFIL 343.4104 _bV23 2002 |
||
| 100 | _aValencia, Edwin G. | ||
| 245 |
_aTransfer and business taxation : _b principles and laws with accounting applications / _cEdwin G. Valencia, Gregorio F. Roxas. |
||
| 250 | _a7th edition. | ||
| 260 |
_aBaguio City : _bValencia Educational Supply, _c2016. |
||
| 300 |
_a781 pages ; _c23 cm. |
||
| 526 | _c1210L-1700L | ||
| 562 | _e1 | ||
| 942 |
_2lcc _cBK _kFIL |
||
| 999 |
_c300748 _d300748 |
||